01178nab a22002057a 4500003000400000005001700004008004100021040000700062100002900069245021900098260007300317300001500390500003700405505023800442505008200680650001800762650001800780650002500798773014900823OSt20251219103124.0190429b xxu||||| |||| 00| 0 spa d cPJ aTilli, Martín Federico13aEl enjuiciamiento penal de las personas jurídicas en Argentina. Análisis del proceso penal de la persona jurídica contenida en la norma 27.401 y el Código Procesal Penal Federal -/cMartín Federico Tilli. cCiudad Autónoma de Buenos Aires :aThomson Reuters La Ley, b2025. ap. 121-134 aCita: TR LALEY AR/DOC/1070/2025. aSumario: I. Introducción.— II. La cuestión jurídica del enjuiciamiento penal de las empresas.— III. Ley 27.401, una superación del debate.— IV. El proceso penal de la persona jurídica en Argentina.— V. Conclusión. tSi te interesa el texto completo, solicitalo a koha@justierradelfuego.gov.ar  0aDERECHO PENAL 0aPROCESO PENAL 0aPERSONAS JURÍDICAS0 02658tRevista de derecho penal y criminología. Nº 5 - Junio 2025dCiudad Autónoma de Buenos Aires : Thomson Reuters La Ley, 2017-x00347914